000 00904nam a2200277Ia 4500
003 OSt
005 20221006155838.0
006 a|||||r|||| 00| 0
007 ta
008 221006b |||||||| |||| 00| 0 eng d
024 _a43,664
037 _cDissertations
040 _aEASL
_cEASL
_beng
041 _2eng
_aeng
082 _a0000162
100 _aBanerjee Maumita
_9670587
110 _aUnivesity of Delhi. Social Sciences. East Asian Studies (Delhi India)
_9665521
245 0 _aPower, gender and modernity in modern Japan
_b A study of the process of creating a gendered identity through dress Mr. Rajiv Ranjan
260 _c2012
300 _a119p.
_ccm.
490 _v Dis
650 _aJEL
700 _aUnivesity of Delhi. Social Sciences. East Asian Studies (Delhi India)
_9665522
942 _h0000162
_cDIS
_2CC
999 _c1111750
_d1111750